|
|
|
|
| LEADER |
00000nam0a2200000 4500 |
| 001 |
115126 |
| 005 |
20231101215234.0 |
| 035 |
|
|
|a (RuTPU)RU\TPU\book\124509
|
| 090 |
|
|
|a 115126
|
| 100 |
|
|
|a 20070503d1949 k y0rusy50 ca
|
| 101 |
0 |
|
|a rus
|
| 102 |
|
|
|a RU
|
| 105 |
|
|
|a a z 001zy
|
| 200 |
1 |
|
|a Исследование зависимости микрогеометрии поверхности от условий механической обработки
|f П. Е. Дьяченко
|g Академия наук СССР, Институт машиноведения
|
| 210 |
|
|
|a Москва
|a Ленинград
|c Изд-во АН СССР
|d 1949
|
| 215 |
|
|
|a 125 с.
|c ил.
|
| 610 |
1 |
|
|a поверхности
|
| 610 |
1 |
|
|a микрогеометрия
|
| 610 |
1 |
|
|a механическая обработка
|
| 610 |
1 |
|
|a неровности
|
| 675 |
|
|
|a 621.7.011
|v 3
|
| 700 |
|
1 |
|a Дьяченко
|b П. Е.
|g Петр Ефимович
|
| 712 |
0 |
2 |
|a Академия наук СССР
|b Институт машиноведения
|c (Москва)
|c (1938-1961)
|2 stltpush
|3 (RuTPU)RU\TPU\col\13724
|9 25758
|
| 801 |
|
1 |
|a RU
|b 63413507
|c 20070503
|g PSBO
|
| 801 |
|
2 |
|a RU
|b 63413507
|c 20220218
|g PSBO
|
| 942 |
|
|
|c BK
|